Capitales d'Europe les plus devinées sur Jetpunk - Statistiques

Statistiques générales
  • Ce quiz a été pris 130 fois
  • Le résultat moyen est 8 sur 10
Statistiques - réponses
% Capitales % Correct
98% Paris
100%
96% Madrid
99%
95% Rome
97%
90% Londres
95%
97% Berlin
89%
90% Lisbonne
88%
87% Moscou
77%
91% Bruxelles
76%
88% Luxembourg
37%
87% Monaco
37%
Aucun quiz correspondant
Distribution des résultats
% des personnes avec chaque résultat
Percentile par nombre de réponses
Votre historique - résultats
Vous n’avez pas pris ce quiz